000 00459cam a22001457a 4500
008 180718b1969 xxu||||| |||| 00| 0 eng d
020 _a340 11795 8
082 _aA7 K153
245 _aStructure of political Geography
_cedited by Roger E. Kaspereson and Julian V. Minghi
260 _aLondon
_bUniversity Of London Press
_c1969
300 _axii, 527p
650 _aPolitical geography.
700 _aMinghi, Julian V. ed
700 _aKaspereson, Roger E. ed
999 _c413591
_d413591